LEADER 01039nam a2200241 i 4500 001 000000060502 003 CaOOAMICUS 005 20101019000000.0 008 101019s1997 it u000 u ita u 013 $a31674 020 $a88-15-06294-7 040 $aSeMil$bita 100 1 $aDossetti, Giuseppe,$d<1913-1996>.$0(OLS)http://semarc/name/2981 245 13$aLa parola e il silenzio :$bdiscorsi e scritti 1986-1995 /$cGiuseppe Dossetti ; a cura della Piccola Famiglia dell'Annunziata. 260 $aBologna :$bIl Mulino,$ccopyr. 1997. 300 $a384 p. ;$c24 cm. 700 1 $aPiccola famiglia dell'Annunziata.$0(OLS)http://semarc/name/2982 850 $aSeMil 852 $aSeMil$W1$xVenegono$y1$m3J IV 300$j26655$B26655$CSeMilBibl$Z2$F26658 $81 961 $aAcquisto: Glossa (Libreria) 996 $6020$a88-15-06294-7$9(OLS)http://semarc/number/36589 996 $6245$aLa parola e il silenzio :$bdiscorsi e scritti 1986-1995$9(OLS)http://semarc/title/94842 996 $6260$aBologna :$bIl Mulino$9(OLS)http://semarc/publisher/29842 LEADER 00807nam a2200217 i 4500 001 000000198497 003 CaOOAMICUS 005 20110303000000.0 008 110303n it u000 u lat u 013 $a177185 040 $aSeMil$bita 245 10$aConstitutiones. 260 $a[S.l. :$bs.n.],$c199[?] 300 $a75 p. ;$c24 cm. 500 $aIn testa al front : Pia Societas a Sancto Paulo Apostolo. 600 14$aAlberione, Giacomo .$0(OLS)http://semarc/subject/2912 650 4$aPia Società San Paolo.$0(OLS)http://semarc/subject/37265 850 $aSeMil 852 $aSeMil$W1$xVenegono$y1$m3F IV 729$j243408$B149053$CSeMilBibl$Z2$F160464 $81 996 $6245$aConstitutiones$9(OLS)http://semarc/title/90857 996 $6260$a[S.l. :$bs.n.]$9(OLS)http://semarc/publisher/29751